ՀՀ Գիտությունների ազգային ակադեմիայի հիմնարար գիտական գրադարան  =   Fundamental Scientific Library of NAS RA
Normal view MARC view

Entry Personal Name

Number of records used in: 23

001 - CONTROL NUMBER

  • control field: 2839

003 - CONTROL NUMBER IDENTIFIER

  • control field: AM-YEHGA

005 - DATE AND TIME OF LATEST TRANSACTION

  • control field: 20250617070439.0

008 - FIXED-LENGTH DATA ELEMENTS

  • fixed length control field: 060403 a|ac|n|aab||||||||||||a |n|||||||

040 ## - CATALOGING SOURCE

  • Original cataloging agency: AM-YEHGA

100 1# - HEADING--PERSONAL NAME

  • Personal name: Քարամյան, Մարտին Խաչատուրի,
  • Dates associated with a name: 1912-1993

400 1# - SEE FROM TRACING--PERSONAL NAME

  • Personal name: Քարամյան, Մարտին,
  • Dates associated with a name: 1912-1993

400 1# - SEE FROM TRACING--PERSONAL NAME

  • Control subfield: b
  • Personal name: Ամյան, Մարտին,
  • Dates associated with a name: 1912-1993

400 1# - SEE FROM TRACING--PERSONAL NAME

  • Personal name: Ամյան, Մարտին,
  • Dates associated with a name: 1912-1993

400 1# - SEE FROM TRACING--PERSONAL NAME

  • Personal name: Ամյան, Մ.
  • Fuller form of name: (Մարտին),
  • Dates associated with a name: 1912-1993

400 1# - SEE FROM TRACING--PERSONAL NAME

  • Personal name: Քարամյան, Մ.Խ.
  • Fuller form of name: (Մարտին Խաչատուրի),
  • Dates associated with a name: 1912-1993

400 1# - SEE FROM TRACING--PERSONAL NAME

  • Personal name: Քարամյան, Մ.
  • Fuller form of name: (Մարտին),
  • Dates associated with a name: 1912-1993

400 1# - SEE FROM TRACING--PERSONAL NAME

  • Personal name: Карамян, Мартин Хачатурович,
  • Dates associated with a name: 1912-1993

400 1# - SEE FROM TRACING--PERSONAL NAME

  • Personal name: Карамян, Мартин,
  • Dates associated with a name: 1912-1993

400 1# - SEE FROM TRACING--PERSONAL NAME

  • Personal name: Карамян, М.Х.
  • Fuller form of name: (Мартин Хачатурович),
  • Dates associated with a name: 1912-1993

400 1# - SEE FROM TRACING--PERSONAL NAME

  • Personal name: Карамян, М.
  • Fuller form of name: (Мартин),
  • Dates associated with a name: 1912-1993

400 1# - SEE FROM TRACING--PERSONAL NAME

  • Personal name: Karamyan, Martin Khachaturi,
  • Dates associated with a name: 1912-1993

670 ## - SOURCE DATA FOUND

  • Source citation: Խաչատրյան Հ.Հ. Գրական տեղեկատու, 1986 :
  • Information found: (Քարամյան Մարտին Խաչատուրի, բանաստեղծ, արձակագիր, թարգմանիչ, ՍՍՀՄ գրող. միութ. անդամ 1946-ից)

670 ## - SOURCE DATA FOUND

  • Source citation: Հովակիմյան Բ.Մ. Հայոց ծածկանունների բառարան, 2005 :
  • Information found: էջ 754 (Քարամյան Մարտին Խաչատուրի (12.3.1912, գ. Վարխունո (Վրաստան) - 30.12.1993, Երևան) - գրող); bIն.տ. (Ծածկ. Ամիրյան, Էլ.; Ամյան, Մ.; Ամյան, Մարտին; Բուլաղյան, Ա. (Աղ.); Խեչկանց, Մ.; Խեչկանց, Մարտին; Մ.; Մ.Ք.; Ք. Մարտին)

670 ## - SOURCE DATA FOUND

  • Source citation: Դարի բովում, 1975 :
  • Information found: տիտղթ. (Մ.Խ. Քարամյան)

670 ## - SOURCE DATA FOUND

  • Source citation: Ծանոթ այգի, 1957 :
  • Information found: տիտղթ. (Մ. Քարամյան); (Քարամյան Մարտին)

670 ## - SOURCE DATA FOUND

  • Source citation: Արևոտ դաշտերում :[Բանաստեղծություններ], 1936 :
  • Information found: տիտղթ. (Մ. Ամյան); (Ամյան, Մարտին)

670 ## - SOURCE DATA FOUND

  • Source citation: Прожитые годы, 1990 :
  • Information found: т.л. (Мартин Карамян)


ՀՀ ԳԱԱ հիմնարար գիտական գրադարան
ՀՀ,Երևան 0019
Մարշալ Բաղրամյան 24/6
հեռախոս:(374-10) 52-47-50
Հետադարձ կապ

All site content, except where otherwise noted, is licensed under a
Creative Commons License